|
|
|
|
| LEADER |
00000cam a2200000 a 4500 |
| 001 |
vtls009968751 |
| 003 |
SK-MaSNL |
| 005 |
20260301083310.0 |
| 008 |
240318s2009 xo o g 001 1dslo |
| 015 |
|
|
|a SNBA2010/01-00491
|
| 020 |
|
|
|a 9788070909454
|q (viaz.)
|
| 035 |
|
|
|a urn:nbn:sk:snk-am00a27d
|
| 035 |
|
|
|a urn:nbn:sk:snk-am3hdrw
|
| 035 |
|
|
|a 111F2D78-5BF7-4F56-96E8-E4E8741A5BD1
|
| 040 |
|
|
|a SNK
|b slo
|c SNK
|e AACR2
|
| 041 |
|
|
|a slo
|
| 043 |
|
|
|a e-xo---
|
| 044 |
|
|
|a xo
|c SK
|
| 072 |
|
7 |
|a 821.162.4.09
|x Slovenská literatúra (o nej)
|2 konspekt
|
| 072 |
|
7 |
|a 82.0
|x Literatúra (teória)
|2 konspekt
|
| 080 |
|
|
|a 821.162.4
|2 2001
|
| 080 |
|
|
|a 82(091)
|2 2001
|
| 080 |
|
|
|a 82.09
|2 2001
|
| 080 |
|
|
|a (048.8)
|2 2001
|
| 100 |
1 |
|
|a Sedlák, Imrich,
|d 1933-2016
|4 aut
|9 103252
|
| 245 |
1 |
0 |
|a Dejiny slovenskej literatúry II.
|c Imrich Sedlák a kolektív
|
| 260 |
|
|
|a Martin
|b Matica slovenská
|a Bratislava
|b Literárne informačné centrum
|c 2009
|
| 300 |
|
|
|a 785 s.
|b fotogr.
|c 21 cm
|
| 500 |
|
|
|a Biogr. údaje
|
| 504 |
|
|
|a Bibliogr. odkazy. Reg.
|
| 648 |
|
7 |
|a 20. stor.
|2 SNKPH
|9 275975
|
| 650 |
0 |
7 |
|a slovenská literatúra
|2 SNKPH
|9 1115
|
| 650 |
0 |
7 |
|a literárna história
|2 SNKPH
|9 1136
|
| 650 |
0 |
7 |
|a literárnovedné rozbory
|2 SNKPH
|9 241582
|
| 650 |
0 |
7 |
|a Slovak literature
|2 SNKPHeng
|9 265073
|
| 650 |
0 |
7 |
|a Literary history
|2 SNKPHeng
|9 274706
|
| 650 |
0 |
7 |
|a Literary criticism and history
|2 SNKPHeng
|9 270823
|
| 655 |
|
7 |
|a štúdie
|2 SNKPH
|9 57033
|
| 655 |
|
7 |
|a Studies
|2 SNKPHeng
|9 265573
|
| 700 |
1 |
|
|a Čúzy, Ladislav,
|d 1950-
|4 aut
|9 226174
|
| 700 |
1 |
|
|a Halvoník, Alexander,
|d 1945-
|4 aut
|9 103645
|
| 700 |
1 |
|
|a Harpáň, Michal,
|d 1944-
|4 aut
|9 221070
|
| 700 |
1 |
|
|a Hochel, Igor,
|d 1953-
|4 aut
|9 101382
|
| 700 |
1 |
|
|a Sedláková, Katarína,
|d 1976-
|4 aut
|9 192647
|
| 700 |
1 |
|
|a Stanislavová, Zuzana,
|d 1951-
|4 aut
|9 88135
|
| 700 |
1 |
|
|a Sulík, Ivan,
|d 1943-2021
|4 aut
|9 223328
|
| 919 |
|
|
|a 978-80-7090-945-4
|
| 958 |
|
|
|a LX
|
| 968 |
|
|
|d 821
|
| 999 |
|
|
|c 660202
|d 662132
|
| 952 |
|
|
|a SNK
|b SNK
|y VYP
|7 0
|p 17A0644127
|o snkSC 138207/2 D4
|i snk2010/3449
|8 3
|g 16.33
|0 0
|1 0
|4 0
|d 2010-02-19
|l 0
|r 2026-02-23 18:51:20
|w 2026-02-23
|
| 952 |
|
|
|a SNK
|b SNK
|y VYP
|7 0
|p 17A0644126
|o snkSC 138207/2 D2
|i snk2010/3410
|8 3
|g 16.33
|0 0
|1 0
|4 0
|d 2010-02-18
|l 0
|r 2026-02-23 18:51:20
|w 2026-02-23
|
| 952 |
|
|
|a SNKPRIRUCN
|b SNKPULT
|y VYP
|7 0
|p 17A0644129
|o snkSC 138207/2 D3
|i snk2010/3412
|8 3
|g 16.33
|3 Vrátené z príručnej knnižnice
|0 0
|1 0
|4 0
|d 2010-02-18
|l 1
|q 2026-08-12
|r 2026-03-27 14:45:57
|s 2026-03-27
|w 2026-02-23
|
| 952 |
|
|
|a SNK
|b SNK
|y PREZ
|7 0
|p 17A0637637
|o snkSC 138207/2
|i snk2009/21696
|8 0
|0 0
|1 0
|4 0
|d 2009-12-03
|f 1
|l 0
|r 2017-06-30 00:00:00
|w 2026-02-23
|
| 952 |
|
|
|a SNK
|b SNK
|y VYP
|7 0
|p 17A0637636
|o snkSC 138207/2 D1
|i snk2009/21697
|8 0
|z Digitalizovaný
|0 0
|1 0
|4 0
|d 2009-12-03
|l 0
|r 2026-02-23 18:51:20
|w 2026-02-23
|
| 952 |
|
|
|t snkSED/2 885.4(091)
|a SNKUST
|b SNKUST
|y PREZ
|7 0
|p 17A0644087
|o snkSC 138207/2 D5
|i snk2010/7126
|8 3
|g 17.96
|0 0
|1 0
|4 0
|d 2010-04-12
|l 0
|r 2025-04-28 00:00:00
|w 2026-02-23
|
| 952 |
|
|
|a SNKLM
|b SNKLM
|y NEVYP
|7 0
|p 17A0809804
|o snkSC 138207/2 D6
|i snk2012/18729
|8 3
|g 19.95
|3 Vrátené z príručnej knižnice
|0 0
|1 0
|4 0
|d 2012-09-24
|l 0
|r 2026-02-23 18:51:20
|w 2026-02-23
|